Normal view MARC view
  • Narvaja de Arnoux, Elvira

Entry Nombre Personal

Number of records used in: 1

001 - NUMERO DE CONTROL

  • campo de control: 58574

003 - IDENTIFICADOR DE NUMERO DE CONTROL

  • campo de control: MX-MxUPN

005 - FECHA Y HORA DE LA ÜLTIMA TRANSACCIÓN

  • campo de control: 20260108114212.0

008 - DATOS DE LONGITUD FIJA

  • campo de control de longitud fija: 260108|| aca||aabn | aaa d

040 ## - FUENTE DE CATALOGACIÓN

  • Agencia original de catalogación: MX-MxUPN
  • Lenguaje de catalogación: spa
  • Agencia de transcripción: MX-MxUPN

100 1# - ENCABEZAMIENTO - NOMBRE PERSONAL

  • Nombre personal: Narvaja de Arnoux, Elvira

670 ## - FUENTE EN LA QUE SE LOCALIZARON DATOS

  • Cita de la fuente: Educación, lenguaje y sociedad, Vol. 19 Núm. 19 (2021):
  • Información localizada: (Elvira Narvaja de Arnoux)

902 ## - CATALOGADOR

  • Catalogador: Víctor Ruiz/080126